| 000 | 00995nas a2200289 4500 | ||
|---|---|---|---|
| 001 | BR0804982 | ||
| 003 | BR-BrBNA | ||
| 005 | 20231205111857.0 | ||
| 007 | ta | ||
| 008 | 230509b bl.|||p| |||| 00| 00por d | ||
| 040 |
_aBR-BrBNA _bpor _cBiblioteca Nacional de Agricultura |
||
| 041 | _a(Pt) | ||
| 072 | _aL53 | ||
| 100 | 1 | _aSatrapa, R.A. | |
| 100 | 1 | _aDiniz, E.G. | |
| 100 | 1 | _aBeletti, M.E. | |
| 100 | 1 | _aEberhardt, B.G. | |
| 100 | 1 | _aSatrapa, R. | |
| 245 | 1 | _aAvaliação das diferenças entre temperatura retal, escrotal e intratesticular e da quantidade de glândulas sudoríparas e sebáceas em escroto de búfalos (Bubalus bubalis)de duas faixas etárias | |
| 650 | _aBÚFALO | ||
| 650 | _aGLÂNDULA SUDORÍPARA | ||
| 650 | _aTESTÍCULO | ||
| 650 | _aTERMORREGULAÇÃO | ||
| 773 | 0 |
_tRevista Brasileira de Reprodução Animal (Brazil) _xISSN 0102-0803 _g(Oct-Nov 2004), v. 28(4) p. 202-205 _wBR0804982 |
|
| 909 |
_a202311 _bLúcia _c55 _dLúcia Elande |
||
| 942 |
_2AGRIS _n0 _cANA |
||
| 999 |
_c194928 _d194928 |
||